Materská škola

Salvato in:
Dettagli Bibliografici
Autore principale: Maceja, Dávid (Autore)
Altri autori: Buday, Peter (Relatore della tesi)
Natura: Manoscritto Libro
Lingua:slovacco
Pubblicazione: 2025
Soggetti:
Accesso online:http://is.stuba.sk/zp/portal_zp.pl?podrobnosti=181936
CRZP
Tags: Aggiungi Tag
Nessun Tag, puoi essere il primo ad aggiungerne!!

MARC

LEADER 00000ntm a22000003a 4500
001 stuzp104896
003 SK-STU
005 20250728134715.9
007 ta
008 150427s2015----xo-----f-mn---000-0-slo-d
040 |a STU  |b slo 
041 0 |a slo 
100 1 |a Maceja, Dávid  |u 010180  |4 aut  |U SvF Stavebná fakulta  |T SvF Katedra konštrukcií pozemných stavieb  |X 97703  |U V180  |Y 18  |7 97703 
242 0 1 |a Kindergarten  |y eng 
245 1 0 |a Materská škola 
260 |c 2025 
650 4 |a kindergarten  |2 eng 
650 4 |a timber construction  |2 eng 
650 4 |a CLT  |2 eng 
650 4 |a CLT  |2 slo 
650 4 |a drevostavba  |2 slo 
650 4 |a materská škola  |2 slo 
700 1 |a Buday, Peter  |u 010180  |k Z1  |4 ths  |U SvF Stavebná fakulta  |T SvF Katedra konštrukcií pozemných stavieb  |X 962  |U V180  |Y 18  |7 A000000962 
856 4 |u http://is.stuba.sk/zp/portal_zp.pl?podrobnosti=181936 
856 4 |u https://opac.crzp.sk/?fn=detailBiblioForm&sid=809C367C54749DCAA741A8FF7E5A  |z CRZP